[Event "PK Jeugd 2020 B"]
[Site "Eindhoven, Netherlands"]
[Date "????.??.??"]
[Round "1.6"]
[White "Basa, Manasvita"]
[Black "Bogouslavskii, Veronique"]
[Result "0-1"]
[WhiteElo "1728"]
[BlackElo "1527"]

1. e4 {[%clk 00:55:17]} e5 {[%clk 00:55:15]} {[%emt 00:00:05]} 2. f4 {[%clk
00:55:21]} {[%emt 00:00:06]} d5 {[%clk 00:54:59]} {[%emt 00:00:27]} 3. exd5
{[%clk 00:55:16]} {[%emt 00:00:15]} exf4 {[%clk 00:52:19]} {[%emt 00:02:50]} 4.
Nf3 {[%clk 00:54:50]} {[%emt 00:00:35]} Nf6 {[%clk 00:52:02]} {[%emt 00:00:28]}
5. Be2 {[%clk 00:54:01]} {[%emt 00:00:59]} Bf5 {[%clk 00:50:51]} {[%emt
00:01:22]} 6. O-O {[%clk 00:50:11]} {[%emt 00:03:59]} Qxd5 {[%clk 00:42:31]}
{[%emt 00:08:30]} 7. c4 {[%clk 00:48:57]} {[%emt 00:01:24]} Qa5 {[%clk
00:39:02]} {[%emt 00:03:40]} 8. Nc3 {[%clk 00:44:29]} {[%emt 00:04:38]} Nc6
{[%clk 00:36:34]} {[%emt 00:02:38]} 9. Nh4 {[%clk 00:33:59]} {[%emt 00:10:40]}
O-O-O {[%clk 00:20:28]} {[%emt 00:16:16]} 10. Nxf5 {[%clk 00:30:55]} {[%emt
00:03:13]} Qxf5 {[%clk 00:19:35]} {[%emt 00:01:03]} 11. Nd5 {[%clk 00:30:01]}
{[%emt 00:01:03]} Bc5+ {[%clk 00:17:06]} {[%emt 00:02:40]} 12. Kh1 {[%clk
00:29:25]} {[%emt 00:00:46]} Nd4 {[%clk 00:11:22]} {[%emt 00:05:54]} 13. Rxf4
{[%clk 00:26:42]} {[%emt 00:02:53]} Qe5 {[%clk 00:10:39]} {[%emt 00:00:53]} 14.
Bg4+ {[%clk 00:23:23]} {[%emt 00:03:29]} Kb8 {[%clk 00:10:24]} {[%emt
00:00:25]} 15. d3 {[%clk 00:20:36]} {[%emt 00:02:56]} Nxd5 {[%clk 00:08:24]}
{[%emt 00:02:10]} 16. cxd5 {[%clk 00:20:18]} {[%emt 00:00:28]} Qxd5 {[%clk
00:08:12]} {[%emt 00:00:23]} 17. Bd2 {[%clk 00:16:53]} {[%emt 00:03:34]} f6
{[%clk 00:07:42]} {[%emt 00:00:40]} 18. Rc1 {[%clk 00:15:35]} {[%emt 00:01:28]}
Bd6 {[%clk 00:07:11]} {[%emt 00:00:42]} 19. Rf1 {[%clk 00:14:36]} {[%emt
00:01:08]} Qxa2 {[%clk 00:07:01]} {[%emt 00:00:21]} 20. Ra1 {[%clk 00:11:19]}
{[%emt 00:03:26]} Qb3 {[%clk 00:06:28]} {[%emt 00:00:44]} 21. Be3 {[%clk
00:09:01]} {[%emt 00:02:27]} Qxd1 {[%clk 00:06:10]} {[%emt 00:00:29]} 22. Rfxd1
{[%clk 00:09:06]} {[%emt 00:00:04]} Nc2 {[%clk 00:05:44]} {[%emt 00:00:37]} 23.
Bxa7+ {[%clk 00:08:56]} {[%emt 00:00:20]} Ka8 {[%clk 00:05:19]} {[%emt
00:00:35]} 24. Ra4 {[%clk 00:08:23]} {[%emt 00:00:43]} Rhe8 {[%clk 00:04:01]}
{[%emt 00:01:27]} 25. Rc1 {[%clk 00:05:53]} {[%emt 00:02:40]} Nb4 {[%clk
00:03:08]} {[%emt 00:01:03]} 26. Bc5+ {[%clk 00:05:19]} {[%emt 00:00:45]} Na6
{[%clk 00:03:02]} {[%emt 00:00:16]} 27. Bg1 {[%clk 00:04:30]} {[%emt 00:00:58]}
Kb8 {[%clk 00:02:54]} {[%emt 00:00:18]} 28. Rca1 {[%clk 00:04:27]} {[%emt
00:00:13]} Re5 {[%clk 00:02:32]} {[%emt 00:00:32]} 29. Bf3 {[%clk 00:02:59]}
{[%emt 00:01:38]} Rb5 {[%clk 00:02:05]} {[%emt 00:00:37]} 30. Bd4 {[%clk
00:00:28]} {[%emt 00:02:40]} Rb4 {[%clk 00:02:02]} {[%emt 00:00:13]} 31. Rxa6
{[%clk 00:00:18]} {[%emt 00:00:20]} bxa6 {[%clk 00:01:39]} {[%emt 00:00:34]} 32.
Rxa6 {[%clk 00:00:26]} {[%emt 00:00:01]} c6 {[%clk 00:00:29]} {[%emt 00:01:20]}
33. Ba7+ {[%clk 00:00:15]} {[%emt 00:00:21]} Kb7 {[%clk 00:00:35]} {[%emt
00:00:04]} 34. Ra1 {[%clk 00:00:22]} {[%emt 00:00:03]} Ra8 {[%clk 00:00:34]}
{[%emt 00:00:12]} 35. Rc1 {[%emt 00:00:23]} Rxa7 {[%clk 00:00:32]} {[%emt
00:00:10]} 36. Bxc6+ {[%clk 00:00:19]} {[%emt 00:00:02]} Kb6 {[%clk 00:00:35]}
{[%emt 00:00:07]} 37. Be4 {[%clk 00:00:15]} {[%emt 00:00:13]} Rxb2 {[%clk
00:00:42]} {[%emt 00:00:03]} 38. Rc6+ {[%clk 00:00:12]} {[%emt 00:00:13]} Kb5
{[%clk 00:00:51]} 39. Rc1 {[%clk 00:00:20]} {[%emt 00:00:02]} Rba2 {[%clk
00:00:49]} {[%emt 00:00:12]} 40. Rb1+ {[%clk 00:00:29]} Bb4 {[%clk 00:00:50]}
{[%emt 00:00:09]} 41. Rc1 {[%clk 00:00:33]} {[%emt 00:00:06]} Ra1 {[%clk
00:00:57]} {[%emt 00:00:03]} 42. Rg1 {[%clk 00:00:39]} {[%emt 00:00:03]} Rxg1+
{[%clk 00:01:06]} {[%emt 00:00:02]} 43. Kxg1 {[%clk 00:00:48]} Bc5+ {[%clk
00:01:15]} {[%emt 00:00:01]} 44. Kf1 {[%clk 00:00:56]} {[%emt 00:00:02]} Ra1+
{[%clk 00:01:21]} {[%emt 00:00:04]} 45. Ke2 {[%clk 00:01:05]} Bd4 {[%clk
00:01:27]} {[%emt 00:00:03]} 46. Bxh7 {[%clk 00:01:09]} {[%emt 00:00:06]} Ra2+
{[%clk 00:01:35]} {[%emt 00:00:01]} 47. Kf3 {[%clk 00:01:18]} {[%emt 00:00:02]}
Kc5 {[%clk 00:01:39]} {[%emt 00:00:06]} 48. g4 {[%clk 00:01:24]} {[%emt
00:00:03]} Rxh2 {[%clk 00:01:46]} {[%emt 00:00:04]} 49. Bf5 {[%clk 00:01:29]}
{[%emt 00:00:05]} Rh3+ {[%clk 00:01:44]} {[%emt 00:00:12]} 50. Kg2 {[%clk
00:01:32]} {[%emt 00:00:08]} Re3 {[%clk 00:01:46]} {[%emt 00:00:04]} 51. Kf1
{[%clk 00:01:38]} {[%emt 00:00:07]} Kb4 {[%clk 00:01:55]} {[%emt 00:00:01]} 52.
Kg2 {[%clk 00:01:42]} {[%emt 00:00:06]} Kc3 {[%clk 00:01:57]} {[%emt 00:00:08]}
53. Kf1 {[%clk 00:01:49]} {[%emt 00:00:02]} Rf3+ {[%clk 00:01:59]} {[%emt
00:00:08]} 54. Kg2 {[%clk 00:01:44]} {[%emt 00:00:15]} Rxf5 {[%clk 00:01:52]}
{[%emt 00:00:18]} 55. gxf5 {[%clk 00:01:52]} {[%emt 00:00:02]} Kxd3 {[%clk
00:02:00]} {[%emt 00:00:02]} 56. Kf3 {[%clk 00:02:00]} {[%emt 00:00:02]} Be5
{[%clk 00:02:05]} {[%emt 00:00:04]} 57. Kg4 {[%clk 00:02:04]} {[%emt 00:00:07]}
Ke4 {[%clk 00:02:15]} {[%emt 00:00:01]} 58. Kh5 {[%clk 00:02:10]} {[%emt
00:00:04]} Kxf5 {[%clk 00:02:23]} {[%emt 00:00:02]} 59. Kh4 {[%clk 00:02:09]}
{[%emt 00:00:11]} g5+ {[%clk 00:02:31]} {[%emt 00:00:02]} 60. Kh3 {[%clk
00:02:15]} {[%emt 00:00:04]} g4+ {[%clk 00:02:39]} {[%emt 00:00:02]} 61. Kh4
{[%clk 00:02:23]} {[%emt 00:00:02]} g3 {[%clk 00:02:41]} {[%emt 00:00:08]} 62.
Kh3 {[%clk 00:02:31]} {[%emt 00:00:02]} Ke4 {[%clk 00:02:42]} {[%emt 00:00:09]}
63. Kg2 {[%clk 00:02:36]} {[%emt 00:00:05]} f5 {[%clk 00:02:44]} {[%emt
00:00:08]} 64. Kf1 {[%clk 00:02:22]} {[%emt 00:00:24]} Kf3 {[%clk 00:02:39]}
{[%emt 00:00:14]} 65. Kg1 {[%clk 00:02:19]} {[%emt 00:00:14]} Bd4+ {[%clk
00:02:49]} 66. Kh1 {[%clk 00:02:25]} {[%emt 00:00:04]} g2+ {[%clk 00:02:57]}
{[%emt 00:00:02]} 67. Kh2 {[%clk 00:02:33]} {[%emt 00:00:01]} g1=Q+ {[%clk
00:03:04]} {[%emt 00:00:03]} 68. Kh3 {[%clk 00:02:42]} {[%emt 00:00:01]} Qg3
{[%clk 00:03:13]} {[%emt 00:00:01]} 0-1

[Event "PK Jeugd 2020 B"]
[Site "Eindhoven, Netherlands"]
[Date "????.??.??"]
[Round "1.7"]
[White "Ubbink, Anouk"]
[Black "Shadrin, Mitia"]
[Result "0-1"]
[WhiteElo "1195"]
[BlackElo "1730"]

1. e4 {[%clk 00:55:19]} c5 {[%clk 00:55:15]} {[%emt 00:00:06]} 2. d4 {[%clk
00:55:23]} {[%emt 00:00:06]} cxd4 {[%clk 00:54:55]} {[%emt 00:00:30]} 3. c3
{[%clk 00:55:26]} {[%emt 00:00:06]} d6 {[%clk 00:54:43]} {[%emt 00:00:22]} 4.
cxd4 {[%clk 00:55:31]} {[%emt 00:00:07]} Nf6 {[%clk 00:54:43]} {[%emt
00:00:10]} 5. Nc3 {[%clk 00:55:35]} {[%emt 00:00:06]} Nc6 {[%clk 00:54:02]}
{[%emt 00:00:50]} 6. Nf3 {[%clk 00:55:22]} {[%emt 00:00:22]} g6 {[%clk
00:49:48]} {[%emt 00:04:25]} 7. Bc4 {[%clk 00:54:57]} {[%emt 00:00:35]} Bg7
{[%clk 00:49:47]} {[%emt 00:00:10]} 8. Be3 {[%clk 00:53:24]} {[%emt 00:01:43]}
O-O {[%clk 00:49:51]} {[%emt 00:00:07]} 9. Qd2 {[%clk 00:52:46]} {[%emt
00:00:48]} Bd7 {[%clk 00:49:35]} {[%emt 00:00:26]} 10. h3 {[%clk 00:49:43]}
{[%emt 00:03:12]} Qa5 {[%clk 00:48:23]} {[%emt 00:01:17]} 11. g4 {[%clk
00:47:36]} {[%emt 00:02:23]} Rfc8 {[%clk 00:47:35]} {[%emt 00:00:45]} 12. Ng5
{[%clk 00:45:33]} {[%emt 00:02:25]} e6 {[%clk 00:43:52]} {[%emt 00:03:52]} 13.
f4 {[%clk 00:44:47]} {[%emt 00:00:58]} h6 {[%clk 00:39:56]} {[%emt 00:04:05]}
14. Nf3 {[%clk 00:44:47]} {[%emt 00:00:10]} Nb4 {[%clk 00:38:34]} {[%emt
00:01:29]} 15. Bb3 {[%clk 00:44:00]} {[%emt 00:01:01]} Bc6 {[%clk 00:34:22]}
{[%emt 00:04:19]} 16. Nh4 {[%clk 00:36:12]} {[%emt 00:08:00]} Nxe4 {[%clk
00:33:54]} {[%emt 00:00:35]} 17. Nxe4 {[%clk 00:36:05]} {[%emt 00:00:21]} Bxe4
{[%clk 00:34:00]} {[%emt 00:00:05]} 18. Rf1 {[%clk 00:35:58]} {[%emt 00:00:16]}
Nc2+ {[%clk 00:29:55]} {[%emt 00:04:15]} 19. Bxc2 {[%clk 00:35:59]} {[%emt
00:00:10]} Qxd2+ {[%clk 00:29:56]} {[%emt 00:00:09]} 20. Kxd2 {[%clk 00:36:00]}
{[%emt 00:00:08]} Rxc2+ {[%clk 00:29:58]} {[%emt 00:00:08]} 21. Kd1 {[%clk
00:35:58]} {[%emt 00:00:12]} Rxb2 {[%clk 00:29:42]} {[%emt 00:00:21]} 22. Rf2
{[%clk 00:35:16]} {[%emt 00:00:56]} Rxf2 {[%clk 00:29:30]} {[%emt 00:00:22]} 23.
Bxf2 {[%clk 00:35:20]} {[%emt 00:00:06]} Rc8 {[%clk 00:29:28]} {[%emt
00:00:11]} 24. Kd2 {[%clk 00:34:19]} {[%emt 00:01:13]} g5 {[%clk 00:29:07]}
{[%emt 00:00:31]} 25. fxg5 {[%clk 00:33:45]} {[%emt 00:00:44]} hxg5 {[%clk
00:29:12]} {[%emt 00:00:05]} 26. Re1 {[%clk 00:33:35]} {[%emt 00:00:21]} d5
{[%clk 00:29:08]} {[%emt 00:00:10]} 27. Rf1 {[%clk 00:32:42]} {[%emt 00:01:05]}
gxh4 {[%clk 00:29:05]} {[%emt 00:00:13]} 28. Bxh4 {[%clk 00:32:46]} {[%emt
00:00:06]} Bxd4 {[%clk 00:28:54]} {[%emt 00:00:19]} 29. Bg3 {[%clk 00:31:42]}
{[%emt 00:01:15]} Rc2+ {[%clk 00:28:58]} {[%emt 00:00:06]} 30. Kd1 {[%clk
00:31:39]} {[%emt 00:00:14]} Rxa2 {[%clk 00:28:52]} {[%emt 00:00:11]} 31. Bf4
{[%clk 00:30:30]} {[%emt 00:01:24]} e5 {[%clk 00:28:38]} {[%emt 00:00:23]} 32.
Bc1 {[%clk 00:30:26]} {[%emt 00:00:13]} Rf2 {[%emt 00:02:39]} 0-1

[Event "PK Jeugd 2020 B"]
[Site "Eindhoven, Netherlands"]
[Date "????.??.??"]
[Round "1.8"]
[White "van Kuijk, Vadim"]
[Black "Hooijmans, Merijn Thijmen"]
[Result "1-0"]
[WhiteElo "1697"]
[BlackElo "1267"]

1. d4 {[%clk 00:54:50]} {[%emt 00:00:28]} d5 {[%clk 00:55:13]} {[%emt
00:00:07]} 2. c4 {[%clk 00:54:55]} {[%emt 00:00:06]} c6 {[%clk 00:54:56]}
{[%emt 00:00:27]} 3. g3 {[%clk 00:55:01]} {[%emt 00:00:04]} Nf6 {[%clk
00:54:33]} {[%emt 00:00:32]} 4. Nc3 {[%clk 00:54:53]} {[%emt 00:00:18]} g6
{[%clk 00:53:18]} {[%emt 00:01:25]} 5. Bg2 {[%clk 00:54:38]} {[%emt 00:00:25]}
Bg7 {[%clk 00:52:58]} {[%emt 00:00:30]} 6. Nf3 {[%clk 00:54:34]} {[%emt
00:00:13]} O-O {[%clk 00:51:42]} {[%emt 00:01:26]} 7. O-O {[%clk 00:54:28]}
{[%emt 00:00:16]} Bf5 {[%clk 00:51:25]} {[%emt 00:00:27]} 8. Ne5 {[%clk
00:49:33]} {[%emt 00:05:05]} Nbd7 {[%clk 00:49:26]} {[%emt 00:02:09]} 9. cxd5
{[%clk 00:44:16]} {[%emt 00:05:27]} cxd5 {[%clk 00:46:59]} {[%emt 00:02:37]} 10.
f4 {[%clk 00:41:27]} {[%emt 00:02:59]} Nb6 {[%clk 00:45:38]} {[%emt 00:01:31]}
11. Re1 {[%clk 00:38:39]} {[%emt 00:02:58]} Be4 {[%clk 00:43:07]} {[%emt
00:02:40]} 12. Nxe4 {[%clk 00:35:05]} {[%emt 00:03:45]} Nxe4 {[%clk 00:42:19]}
{[%emt 00:00:58]} 13. Qd3 {[%clk 00:33:27]} {[%emt 00:01:48]} f6 {[%clk
00:32:22]} {[%emt 00:10:06]} 14. Ng4 {[%clk 00:31:58]} {[%emt 00:01:39]} f5
{[%clk 00:32:19]} {[%emt 00:00:14]} 15. Ne5 {[%clk 00:30:45]} {[%emt 00:01:23]}
e6 {[%clk 00:30:37]} {[%emt 00:01:51]} 16. b3 {[%clk 00:29:33]} {[%emt
00:01:22]} Rc8 {[%clk 00:28:09]} {[%emt 00:02:37]} 17. Ba3 {[%clk 00:27:00]}
{[%emt 00:02:45]} Re8 {[%clk 00:24:41]} {[%emt 00:03:36]} 18. Rac1 {[%clk
00:25:59]} {[%emt 00:01:12]} Bf8 {[%clk 00:21:47]} {[%emt 00:03:04]} 19. Bxf8
{[%clk 00:24:56]} {[%emt 00:01:13]} Rxf8 {[%clk 00:21:42]} {[%emt 00:00:15]} 20.
Bxe4 {[%clk 00:23:34]} {[%emt 00:01:32]} dxe4 {[%clk 00:20:29]} {[%emt
00:01:23]} 21. Qd2 {[%clk 00:22:07]} {[%emt 00:01:37]} Nd5 {[%clk 00:19:56]}
{[%emt 00:00:42]} 22. e3 {[%clk 00:21:40]} {[%emt 00:00:37]} h5 {[%clk
00:17:51]} {[%emt 00:02:14]} 23. Nxg6 {[%clk 00:19:49]} {[%emt 00:02:01]} Rf7
{[%clk 00:16:25]} {[%emt 00:01:37]} 24. Qe2 {[%clk 00:14:34]} {[%emt 00:05:25]}
Nf6 {[%clk 00:14:20]} {[%emt 00:02:15]} 25. Rxc8 {[%clk 00:11:17]} {[%emt
00:03:27]} Qxc8 {[%clk 00:14:04]} {[%emt 00:00:25]} 26. Qc4 {[%clk 00:10:53]}
{[%emt 00:00:35]} Rc7 {[%clk 00:11:03]} {[%emt 00:03:12]} 27. Ne7+ {[%clk
00:10:51]} {[%emt 00:00:11]} Rxe7 {[%clk 00:06:26]} {[%emt 00:04:48]} 28. Qxc8+
{[%emt 00:04:15]} 1-0

[Event "PK Jeugd 2020 B"]
[Site "Eindhoven, Netherlands"]
[Date "????.??.??"]
[Round "1.9"]
[White "Elst, Tygo"]
[Black "Verheul, Job"]
[Result "0-1"]
[WhiteElo "1065"]
[BlackElo "1677"]

1. d4 {[%emt 00:45:23]} d5 {[%emt 00:00:05]} 2. c4 {[%emt 00:00:44]} c6 {[%emt
00:00:07]} 3. Nf3 {[%emt 00:02:05]} Nf6 {[%emt 00:00:11]} 4. e3 {[%emt
00:02:04]} Bf5 {[%emt 00:03:08]} 5. Nc3 {[%emt 00:05:26]} dxc4 {[%emt
00:03:29]} 6. Bxc4 {[%emt 00:01:45]} e6 {[%emt 00:00:14]} 7. O-O {[%emt
00:03:24]} Nbd7 {[%emt 00:01:58]} 8. Re1 {[%emt 00:03:36]} Bb4 {[%emt
00:00:23]} 9. Bd2 {[%emt 00:05:16]} O-O {[%emt 00:01:38]} 10. a3 {[%emt
00:03:18]} Bxc3 {[%emt 00:00:21]} 11. Bxc3 {[%emt 00:01:30]} Ne4 {[%emt
00:04:28]} 12. Bd3 {[%emt 00:01:44]} Ndf6 {[%emt 00:07:39]} 13. Ne5 {[%emt
00:04:26]} Rc8 {[%emt 00:04:16]} 14. f3 {[%emt 00:03:37]} Nxc3 {[%emt
00:02:38]} 15. bxc3 {[%emt 00:00:04]} Bxd3 {[%emt 00:00:25]} 16. Qxd3 {[%emt
00:00:52]} c5 {[%emt 00:05:43]} 17. Qb5 {[%emt 00:03:03]} cxd4 {[%emt
00:01:39]} 18. cxd4 {[%emt 00:01:32]} Qd5 19. Qb4 {[%emt 00:01:46]} b6 {[%emt
00:03:31]} 20. e4 {[%emt 00:00:49]} Qb7 {[%emt 00:02:13]} 21. a4 {[%emt
00:01:07]} Rc2 {[%emt 00:04:39]} 22. Rec1 {[%emt 00:01:10]} Rfc8 {[%emt
00:00:51]} 23. Rxc2 {[%emt 00:01:25]} Rc7 {[%emt 00:00:06]} 24. Rc3 Rxc3 25.
Qb3 {[%emt 00:01:05]} Rc2 26. a5 {[%emt 00:01:23]} Qc7 27. Rb1 {[%emt
00:01:19]} Rc1+ 28. Rxc1 Qxc1+ {[%emt 00:00:06]} 29. Kf2 {[%emt 00:00:23]} Qd2+
{[%emt 00:00:07]} 30. Kg3 {[%emt 00:00:43]} Qxd4 {[%emt 00:02:41]} 31. Nc6
{[%emt 00:00:48]} Qd6+ {[%emt 00:02:21]} 32. e5 {[%emt 00:01:10]} Nh5+ {[%emt
00:02:34]} 33. Kg4 {[%emt 00:00:01]} Qxc6 {[%emt 00:00:05]} 34. Kxh5 {[%emt
00:00:03]} Qd5 {[%emt 00:00:34]} 35. Qc3 {[%emt 00:00:13]} Qc5 {[%emt
00:00:02]} 36. Qd3 {[%emt 00:00:23]} Qxe5+ {[%emt 00:00:03]} 37. Kg4 {[%emt
00:00:12]} Qf5+ {[%emt 00:00:18]} 38. Qxf5 {[%emt 00:00:13]} exf5+ {[%emt
00:00:01]} 39. Kxf5 {[%emt 00:00:01]} bxa5 {[%emt 00:00:09]} 40. Ke4 {[%emt
00:00:02]} Kf8 {[%emt 00:00:04]} 41. Kd4 {[%emt 00:00:02]} Ke7 {[%emt
00:00:23]} 42. Kc4 {[%emt 00:00:02]} Ke6 {[%emt 00:00:16]} 43. Kb5 {[%emt
00:00:02]} Ke5 {[%emt 00:00:04]} 44. Kxa5 {[%emt 00:00:02]} f5 {[%emt
00:00:13]} 45. Ka6 {[%emt 00:00:02]} g5 {[%emt 00:00:08]} 46. Kxa7 {[%emt
00:00:03]} Kd4 {[%emt 00:00:19]} 47. Kb6 {[%emt 00:00:03]} Ke3 {[%emt
00:00:06]} 48. Kc6 {[%emt 00:00:04]} Kf2 {[%emt 00:00:11]} 49. Kd5 {[%emt
00:00:02]} f4 {[%emt 00:00:20]} 50. Ke5 {[%emt 00:00:02]} Kxg2 {[%emt
00:00:02]} 51. Kf5 {[%emt 00:00:06]} h6 {[%emt 00:00:06]} 52. Kg4 {[%emt
00:00:05]} Kxh2 {[%emt 00:00:06]} 53. Kh5 {[%emt 00:00:10]} Kg3 {[%emt
00:00:03]} 54. Kxh6 {[%emt 00:00:02]} Kxf3 {[%emt 00:00:03]} 55. Kxg5 {[%emt
00:00:02]} Ke3 {[%emt 00:00:02]} 56. Kg4 {[%emt 00:00:06]} f3 {[%emt 00:00:01]}
57. Kg3 {[%emt 00:00:02]} Ke2 {[%emt 00:00:03]} 58. Kh2 {[%emt 00:00:07]} f2
{[%emt 00:00:02]} 59. Kg3 {[%emt 00:00:08]} f1=Q {[%emt 00:00:04]} 60. Kh2
{[%emt 00:00:06]} Qf3 {[%emt 00:00:06]} 61. Kg1 {[%emt 00:00:03]} Ke3 {[%emt
00:00:04]} 62. Kh2 {[%emt 00:00:02]} Qg4 {[%emt 00:00:01]} 63. Kh1 {[%emt
00:00:03]} Kf2 {[%emt 00:00:02]} 64. Kh2 {[%emt 00:00:02]} Qg2 {[%emt
00:00:10]} 0-1

[Event "PK Jeugd 2020 B"]
[Site "Eindhoven, Netherlands"]
[Date "????.??.??"]
[Round "1.10"]
[White "Kumar, Prajit Sai"]
[Black "Moonen, Kevin"]
[Result "1-0"]
[WhiteElo "1627"]
[BlackElo "1175"]

1. d4 {[%clk 00:55:19]} Nf6 {[%clk 00:55:14]} {[%emt 00:00:06]} 2. c4 {[%clk
00:55:23]} {[%emt 00:00:06]} e6 {[%clk 00:54:33]} {[%emt 00:00:53]} 3. Nc3
{[%clk 00:55:20]} {[%emt 00:00:12]} d5 {[%clk 00:54:34]} {[%emt 00:00:08]} 4.
Bg5 {[%clk 00:55:22]} {[%emt 00:00:08]} Be7 {[%clk 00:54:23]} {[%emt 00:00:22]}
5. e3 {[%clk 00:55:14]} {[%emt 00:00:19]} h6 {[%clk 00:54:21]} {[%emt
00:00:11]} 6. Bh4 {[%clk 00:55:02]} {[%emt 00:00:21]} Nc6 {[%clk 00:53:47]}
{[%emt 00:00:45]} 7. Nf3 {[%clk 00:54:01]} {[%emt 00:01:11]} Qd7 {[%clk
00:52:30]} {[%emt 00:01:28]} 8. cxd5 {[%clk 00:53:26]} {[%emt 00:00:45]} exd5
{[%clk 00:52:22]} {[%emt 00:00:18]} 9. Bb5 {[%clk 00:51:23]} {[%emt 00:02:13]}
O-O {[%clk 00:51:03]} {[%emt 00:01:28]} 10. Ne5 {[%clk 00:50:25]} {[%emt
00:01:08]} Qd6 {[%clk 00:50:20]} {[%emt 00:00:54]} 11. Bg3 {[%clk 00:47:03]}
{[%emt 00:03:33]} Qe6 {[%clk 00:48:30]} {[%emt 00:02:00]} 12. O-O {[%clk
00:45:56]} {[%emt 00:01:17]} a6 {[%clk 00:48:03]} {[%emt 00:00:37]} 13. Ba4
{[%clk 00:43:56]} {[%emt 00:02:10]} b5 {[%clk 00:47:56]} {[%emt 00:00:18]} 14.
Bb3 {[%clk 00:41:34]} {[%emt 00:02:31]} Bd6 {[%clk 00:46:46]} {[%emt 00:01:20]}
15. f4 {[%clk 00:39:21]} {[%emt 00:02:23]} Bb7 {[%clk 00:45:54]} {[%emt
00:01:02]} 16. Rc1 {[%clk 00:34:20]} {[%emt 00:05:11]} Ne7 {[%clk 00:44:33]}
{[%emt 00:01:31]} 17. Qd3 {[%clk 00:29:29]} {[%emt 00:05:00]} Qf5 {[%clk
00:42:09]} {[%emt 00:02:35]} 18. Qd2 {[%clk 00:26:26]} {[%emt 00:03:14]} Ne4
{[%clk 00:39:23]} {[%emt 00:02:55]} 19. Nxe4 {[%clk 00:26:25]} {[%emt
00:00:12]} Qxe4 {[%clk 00:39:23]} {[%emt 00:00:10]} 20. Bc2 {[%clk 00:26:15]}
{[%emt 00:00:20]} Bb4 {[%clk 00:37:44]} {[%emt 00:01:49]} 21. Qe2 {[%clk
00:25:21]} {[%emt 00:01:03]} Nf5 {[%clk 00:34:30]} {[%emt 00:03:25]} 22. Bxe4
{[%clk 00:25:12]} {[%emt 00:00:19]} Nxg3 {[%clk 00:34:24]} {[%emt 00:00:16]} 23.
Bh7+ {[%clk 00:25:06]} {[%emt 00:00:15]} Kxh7 {[%clk 00:34:01]} {[%emt
00:00:34]} 24. hxg3 {[%clk 00:25:09]} {[%emt 00:00:07]} Bd6 {[%clk 00:32:44]}
{[%emt 00:01:28]} 25. g4 {[%clk 00:23:25]} {[%emt 00:01:54]} 1-0

[Event "PK Jeugd 2020 B"]
[Site "Eindhoven, Netherlands"]
[Date "????.??.??"]
[Round "2.1"]
[White "Verheul, Job"]
[Black "Slagboom, Leandro"]
[Result "1/2-1/2"]
[WhiteElo "1677"]
[BlackElo "1970"]

1. e4 {[%clk 00:55:18]} c5 {[%clk 00:55:16]} {[%emt 00:00:05]} 2. Nf3 {[%clk
00:55:23]} {[%emt 00:00:05]} d6 {[%clk 00:55:23]} {[%emt 00:00:04]} 3. Bb5+
{[%clk 00:55:27]} {[%emt 00:00:06]} Nd7 {[%clk 00:55:27]} {[%emt 00:00:06]} 4.
d4 {[%clk 00:55:26]} {[%emt 00:00:10]} cxd4 {[%clk 00:55:29]} {[%emt 00:00:08]}
5. Qxd4 {[%clk 00:55:29]} {[%emt 00:00:06]} e5 {[%clk 00:54:02]} {[%emt
00:01:37]} 6. Qd3 {[%clk 00:55:17]} {[%emt 00:00:22]} h6 {[%clk 00:53:48]}
{[%emt 00:00:25]} 7. O-O {[%clk 00:50:13]} {[%emt 00:05:14]} Ngf6 {[%clk
00:53:28]} {[%emt 00:00:30]} 8. c4 {[%clk 00:48:10]} {[%emt 00:02:12]} a6
{[%clk 00:52:08]} {[%emt 00:01:30]} 9. Bxd7+ {[%clk 00:47:45]} {[%emt
00:00:35]} Bxd7 {[%clk 00:51:53]} {[%emt 00:00:25]} 10. Nc3 {[%clk 00:47:09]}
{[%emt 00:00:45]} Rc8 {[%clk 00:50:04]} {[%emt 00:01:59]} 11. b3 {[%clk
00:43:47]} {[%emt 00:03:32]} Be7 {[%clk 00:46:46]} {[%emt 00:03:27]} 12. Be3
{[%clk 00:36:53]} {[%emt 00:07:03]} O-O {[%clk 00:44:15]} {[%emt 00:02:41]} 13.
Rac1 {[%clk 00:36:45]} {[%emt 00:00:19]} Qa5 {[%clk 00:41:30]} {[%emt
00:02:55]} 14. a4 {[%clk 00:30:08]} {[%emt 00:06:47]} Rfd8 {[%clk 00:33:58]}
{[%emt 00:07:42]} 15. h3 {[%clk 00:22:29]} {[%emt 00:07:49]} Bf8 {[%clk
00:30:10]} {[%emt 00:03:58]} 16. Rfd1 {[%clk 00:21:45]} {[%emt 00:00:54]} Bc6
{[%clk 00:27:27]} {[%emt 00:02:53]} 17. Rb1 {[%clk 00:17:01]} {[%emt 00:04:54]}
Qc7 {[%clk 00:22:18]} {[%emt 00:05:19]} 18. Rbc1 {[%clk 00:14:58]} {[%emt
00:02:13]} Qa5 {[%clk 00:18:44]} {[%emt 00:03:44]} 19. Rb1 {[%clk 00:14:47]}
{[%emt 00:00:22]} Qc7 {[%clk 00:16:47]} {[%emt 00:02:07]} 20. Rbc1 {[%clk
00:14:23]} {[%emt 00:00:34]} 1/2-1/2